Interfacial synthesis. V 1 (Record no. 26323)

MARC details
000 -LEADER
fixed length control field 00304nam a2200121Ia 4500
082 ## - DEWEY DECIMAL CLASSIFICATION NUMBER
Classification number 542.91
Item number MIL.1
245 #0 - TITLE STATEMENT
Title Interfacial synthesis. V 1
260 ## - PUBLICATION, DISTRIBUTION, ETC. (IMPRINT)
Place of publication New York
Name of publisher Marcel Dekker
Year of publication 1977
700 ## - ADDED ENTRY--PERSONAL NAME
Personal name Carraher, Charles E
700 ## - ADDED ENTRY--PERSONAL NAME
Personal name Frank
942 ## - ADDED ENTRY ELEMENTS (KOHA)
Koha item type Books
Holdings
Withdrawn status Lost status Damaged status Not for loan Home library Current library Date acquired Cost, normal purchase price Full call number Accession Number Koha item type
        RRII Library RRII Library 16/12/2021 34.50 542.91 MIL.1 06960 Books